Statistics for Countries Most Similar To Spain

Click here to take the quiz!

General Stats

  • This quiz has been taken 133 times
  • The average score is 13 of 20

Answer Stats

RankCountryScore% Correct
1Portugal85.7
99%
3France81.0
97%
2Italy84.7
96%
8Germany77.3
82%
6Greece77.7
81%
4Belgium79.5
72%
12Netherlands75.6
70%
9Austria77.0
66%
13Poland75.2
64%
16Romania73.8
62%
11Croatia76.5
58%
19Ireland73.1
56%
7Slovenia77.6
56%
18Denmark73.2
49%
15Hungary74.7
46%
5Luxembourg77.9
46%
10Slovakia76.7
45%
13Czech Republic75.2
43%
17Bulgaria73.5
41%
20Norway72.7
40%

Score Distribution

Percentile by Number Answered

Percent of People with Each Score

Your Score History

You have not taken this quiz